MARC details
| 000 -LEADER |
| fixed length control field |
03101cam a22004577i 4500 |
| 001 - CONTROL NUMBER |
| control field |
20727895 |
| 005 - DATE AND TIME OF LATEST TRANSACTION |
| control field |
20230111074321.0 |
| 008 - FIXED-LENGTH DATA ELEMENTS--GENERAL INFORMATION |
| fixed length control field |
181101t20182018nyuae b 001 0 eng d |
| 010 ## - LIBRARY OF CONGRESS CONTROL NUMBER |
| LC control number |
2018289193 |
| 020 ## - INTERNATIONAL STANDARD BOOK NUMBER |
| International Standard Book Number |
1138056022 |
| Qualifying information |
(hbk) |
| 020 ## - INTERNATIONAL STANDARD BOOK NUMBER |
| International Standard Book Number |
1138056030 |
| Qualifying information |
(pbk) |
| 020 ## - INTERNATIONAL STANDARD BOOK NUMBER |
| International Standard Book Number |
9781138056039 |
| Qualifying information |
(pbk) |
| 035 ## - SYSTEM CONTROL NUMBER |
| System control number |
(OCoLC)on1038007309 |
| 040 ## - CATALOGING SOURCE |
| Original cataloging agency |
ERASA |
| Language of cataloging |
eng |
| Description conventions |
rda |
| Transcribing agency |
ERASA |
| Modifying agency |
YDX |
| -- |
BDX |
| -- |
CDX |
| -- |
OCLCF |
| -- |
DLC |
| 042 ## - AUTHENTICATION CODE |
| Authentication code |
lccopycat |
| 043 ## - GEOGRAPHIC AREA CODE |
| Geographic area code |
a-ja--- |
| 050 00 - LIBRARY OF CONGRESS CALL NUMBER |
| Classification number |
NA1555.5.M57 |
| Item number |
N95 2018 |
| 082 04 - DEWEY DECIMAL CLASSIFICATION NUMBER |
| Classification number |
720.952 N95 2018 |
| Edition number |
23 |
| 100 1# - MAIN ENTRY--PERSONAL NAME |
| Personal name |
Nyilas, Agnes, |
| Dates associated with a name |
1973- |
| Relator term |
author. |
| 245 10 - TITLE STATEMENT |
| Title |
Beyond utopia : |
| Remainder of title |
Japanese Metabolism architecture and the birth of mythopia / |
| Statement of responsibility, etc. |
Agnes Nyilas. |
| 264 #1 - PRODUCTION, PUBLICATION, DISTRIBUTION, MANUFACTURE, AND COPYRIGHT NOTICE |
| Place of production, publication, distribution, manufacture |
New York, NY : |
| Name of producer, publisher, distributor, manufacturer |
Routledge, Taylor & Francis Group, |
| Date of production, publication, distribution, manufacture, or copyright notice |
2018. |
| 264 #4 - PRODUCTION, PUBLICATION, DISTRIBUTION, MANUFACTURE, AND COPYRIGHT NOTICE |
| Date of production, publication, distribution, manufacture, or copyright notice |
©2018 |
| 300 ## - PHYSICAL DESCRIPTION |
| Extent |
xxiv, 214 pages : |
| Other physical details |
illustrations, plans ; |
| Dimensions |
24 cm |
| 336 ## - CONTENT TYPE |
| Content type term |
text |
| Content type code |
txt |
| Source |
rdacontent |
| 337 ## - MEDIA TYPE |
| Media type term |
unmediated |
| Media type code |
n |
| Source |
rdamedia |
| 338 ## - CARRIER TYPE |
| Carrier type term |
volume |
| Carrier type code |
nc |
| Source |
rdacarrier |
| 504 ## - BIBLIOGRAPHY, ETC. NOTE |
| Bibliography, etc. note |
Includes bibliographical references (pages 201-207) and index. |
| 520 8# - SUMMARY, ETC. |
| Summary, etc. |
Megastructure proposals by the Japanese Metabolism group are commonly identified with the concept of utopia. Beyond this partial understanding, the author suggests that rather than being merely utopian, the Megastructure of Metabolism represents a uniquely amalgam genre: the myth camouflaged as utopia. Although its Megastructure seemingly describes a desirable future condition as utopia does, it also comprises certain cultural images rooted in the collective (un)conscious of Japanese people, in accordance with the general interpretation of myth. The primary narrative of the book thus follows the gradual unfolding of the myth-like characteristics of its Megastructure. Myth is dealt here as an interdisciplinary subject in line with contemporary myth theories. After expounding the mechanism underlying the growing demand for a new myth in architecture (the origin of the myth), Part I discovers the formal characteristics of the Megastructure of Metabolism to give a hint of the real intention behind it. Based on this, Part II is a reexamination of their design methods, which aims to clarify the function of the myth and to suggest the meaning behind it. Finally, Part III deals with the subject matter of the myth by disclosing the meaning unfolding in the story, and suggests a new reading of Metabolism's urban theory: as an attempt to reconsider the traditional Japanese space concept. |
| 650 #0 - SUBJECT ADDED ENTRY--TOPICAL TERM |
| Topical term or geographic name entry element |
Metabolism in architecture (Movement) |
| 650 #0 - SUBJECT ADDED ENTRY--TOPICAL TERM |
| Topical term or geographic name entry element |
Megastructures |
| Geographic subdivision |
Japan. |
| 650 #0 - SUBJECT ADDED ENTRY--TOPICAL TERM |
| Topical term or geographic name entry element |
Visionary architecture |
| Geographic subdivision |
Japan. |
| 650 #7 - SUBJECT ADDED ENTRY--TOPICAL TERM |
| Topical term or geographic name entry element |
Architects. |
| Source of heading or term |
fast |
| Authority record control number or standard number |
(OCoLC)fst00813114 |
| 650 #7 - SUBJECT ADDED ENTRY--TOPICAL TERM |
| Topical term or geographic name entry element |
Architecture. |
| Source of heading or term |
fast |
| Authority record control number or standard number |
(OCoLC)fst00813346 |
| 650 #7 - SUBJECT ADDED ENTRY--TOPICAL TERM |
| Topical term or geographic name entry element |
Megastructures. |
| Source of heading or term |
fast |
| Authority record control number or standard number |
(OCoLC)fst01015574 |
| 650 #7 - SUBJECT ADDED ENTRY--TOPICAL TERM |
| Topical term or geographic name entry element |
Metabolism in architecture (Movement) |
| Source of heading or term |
fast |
| Authority record control number or standard number |
(OCoLC)fst01017494 |
| 651 #7 - SUBJECT ADDED ENTRY--GEOGRAPHIC NAME |
| Geographic name |
Japan. |
| Source of heading or term |
fast |
| Authority record control number or standard number |
(OCoLC)fst01204082 |
| 655 #7 - INDEX TERM--GENRE/FORM |
| Genre/form data or focus term |
History. |
| Source of term |
fast |
| Authority record control number or standard number |
(OCoLC)fst01411628 |
| 906 ## - LOCAL DATA ELEMENT F, LDF (RLIN) |
| a |
7 |
| b |
cbc |
| c |
copycat |
| d |
2 |
| e |
ncip |
| f |
20 |
| g |
y-gencatlg |
| 942 ## - ADDED ENTRY ELEMENTS (KOHA) |
| Source of classification or shelving scheme |
Dewey Decimal Classification |
| Koha item type |
English Book |
| Suppress in OPAC |
No |